000 00910nam a2200265Ia 4500
003 OSt
005 20221005092259.0
006 a|||||r|||| 00| 0
007 ta
008 221004b |||||||| |||| 00| 0 eng d
020 _a9780415857178 (pbk)
_c2703.55
024 _a25724
037 _bBBS/152, 22/03/2016, Better Book Service
_cTextual
040 _aCRL
_cCRL
_beng
041 _2eng
_aeng
082 _aSN1:52, Q5
100 _aBryan Craig J. Ed.
_9617089
245 0 _aCognitive behavioral therapy for preventing suicide attempts
_b A guide to brief treatments across clinical settings
260 _aNew York
_bRoutledge U.S.A.
_c2015
300 _axv, 177p.
_ccm.
490 _aClinical topics in psychology and psychiatry
650 _aPSYCHOLOGY
942 _hSN1:52, Q5
_cTEXL
_2cc
999 _c998606
_d998606